| 000 | 00627nam a22002297a 4500 | ||
|---|---|---|---|
| 001 | 0074 | ||
| 003 | DO-SdBNP | ||
| 005 | 20180214102554.0 | ||
| 007 | 0074 | ||
| 008 | 151111b 1970 sp |||| 00| 0 spa d | ||
| 040 |
_aBPMSU _bspa _cBPMSU |
||
| 092 |
_axxxxxxxx _bxxxxxxxx |
||
| 100 | 1 | 0 | _aPeyramaure, Michel |
| 245 | 1 | 4 |
_aLos colosos de cartago : _bnovela / _cMichel Peyramaure |
| 260 |
_aBilbao, EspaƱa: _bMensajero, _c1970 |
||
| 300 |
_a219 p. : _c21 cm. |
||
| 490 | 1 | 0 |
_aHistoria y aventuras _v29 |
| 830 | 0 | 0 |
_aHistoria y aventuras _n29 |
| 942 |
_2ddc _cBK |
||
| 945 | _aInventariado, 2018/ YL | ||
| 956 |
_aBTAVAREZ _b10 _cBPMSU |
||
| 999 |
_c8633 _d8633 |
||